| 000 | 00706nam a22002297a 4500 | ||
|---|---|---|---|
| 005 | 20170124110022.0 | ||
| 010 | _a903242 | ||
| 020 | _c00.00 | ||
| 035 | _a903242 | ||
| 037 | _bCen Lib/Ret | ||
| 040 |
_aDPL _bEN |
||
| 082 |
_a338 _bBHA |
||
| 100 |
_aBharti, R.K. _919997 |
||
| 245 |
_aIndustrial estates in developing economies / _cby R.K. Bharti |
||
| 260 |
_aNew Delhi _bNational Publishing House _c1978 |
||
| 270 |
_a23, dariya ganj _bNew Delhi _e110002 |
||
| 300 |
_axvi, 312p. _c21cm(Hb) |
||
| 500 | _aIncludes bibliographical references and index | ||
| 650 |
_aEconomic development _z _919998 |
||
| 650 |
_aIndustrializations _916589 |
||
| 942 |
_2ddc _cEN _h338 _mBHA |
||
| 999 |
_c127275 _d127275 |
||